000 00823nam a22002297a 4500
999 _c22596
_d22596
003 AR-CdUCM
008 190427b ||||| |||| 00| 0 spa d
020 _a9788494884856
040 _aMUNICIPALIDAD PROVINCIAL DEL CUSCO
_cBIBLIOTECA MUNICIPAL DEL CUSCO
041 _hspa
082 _aEP / 843.9282
_bG57
100 _aGrundmann, Emmanuelle
_948604
245 _aLas mil y una formas de la naturaleza /
_cEmmanuelle Grundmann, Florence Guiraud
260 _aBuenos Aires :
_bLibros del Zorro Rojo,
_c2018.
300 _asin páginas numeradas. :
_bIlustraciones en color ;
_c33 cm.
650 _aLiteratura infantil
_9588
650 _aLibros ilustrados para niños
_922257
650 _aNarrativa infantil francesa
_948605
700 _aGuiraud, Florence
_eilustrador
_948606
942 _2ddc
_cLIBROS
945 _arac